[Event "Ct. Catalunya juvenil"]
[Site "?"]
[Date "2011.04.22"]
[Round "4"]
[White "Ventura Bolet, M."]
[Black "Moreno Martin, D."]
[Result "0-1"]
[WhiteElo "1987"]
[BlackElo "2171"]
[PlyCount "58"]
[EventDate "2011.??.??"]
[EventType "swiss"]
[EventRounds "8"]

1. c4 e6 2. g3 d5 3. Nf3 Nf6 4. Bg2 c6 5. b3 Be7 6. O-O O-O 7. d3 Nbd7 8. Bb2
b6 9. Nbd2 Bb7 10. Rc1 a5 11. a3 Re8 12. e3 Nc5 13. Ne5 Nfd7 14. Nxd7 Qxd7 15.
Nf3 f6 16. d4 Ne4 17. Nd2 Nxd2 18. Qxd2 a4 19. b4 Ba6 20. cxd5 exd5 21. Rfe1
Bf8 22. e4 Bc4 23. exd5 Bxd5 24. Rxe8 Rxe8 25. Bxd5+ Qxd5 26. Qc2 b5 27. Bc3 g6
28. Re1 Rxe1+ 29. Bxe1 Kf7 0-1

[Event "Ct. Catalunya juvenil"]
[Site "?"]
[Date "2011.04.22"]
[Round "4"]
[White "Vidal Zamora, A."]
[Black "Arno Bendicho, A."]
[Result "1/2-1/2"]
[WhiteElo "2128"]
[BlackElo "1908"]
[PlyCount "138"]
[EventDate "2011.??.??"]
[EventType "swiss"]
[EventRounds "8"]

1. e4 c5 2. Nf3 Nc6 3. d4 cxd4 4. Nxd4 g6 5. c4 Bg7 6. Nc2 Nf6 7. Nc3 O-O 8.
Be2 d6 9. O-O Be6 10. Bd2 Rc8 11. b3 Nd7 12. Ne3 Nc5 13. Bf3 a6 14. Rb1 Ne5 15.
Be2 Nc6 16. Bf3 Ne5 17. Qe2 Ncd3 18. Ncd5 Bxd5 19. Nxd5 e6 20. Nf4 Nxf4 21.
Bxf4 Qf6 22. Qe3 Nxf3+ 23. Qxf3 e5 24. Bd2 Qxf3 25. gxf3 f5 26. Bb4 Rf6 27.
Rbd1 Bf8 28. Rd3 Re6 29. a4 Be7 30. Rfd1 Rc6 31. a5 Kf7 32. Ba3 Ke8 33. Rd5 f4
34. Rc1 b6 35. axb6 Rxb6 36. b4 Rc6 37. b5 axb5 38. cxb5 Rxc1+ 39. Bxc1 Bd8 40.
Rd3 Kd7 41. Ra3 Kc7 42. Ra6 Kb7 43. Rc6 Bb6 44. Ba3 Bc7 45. h4 h5 46. Kf1 Rf6
47. Ke2 Re6 48. Bb4 g5 49. hxg5 h4 50. Rc1 Rg6 51. Rh1 Rxg5 52. Rxh4 Rg6 53.
Rh7 Kb6 54. Ba3 Rg8 55. Rd7 Rd8 56. Rxd8 Bxd8 57. Bxd6 Bf6 58. Kf1 Kxb5 59. Kg2
Kc6 60. Bf8 Kd7 61. Kh3 Ke6 62. Kg4 Bd8 63. Bc5 Ba5 64. Kh3 Bd8 65. Ba7 Bc7 66.
Kg4 Bd6 67. Bb6 Bb8 68. Bd8 Bd6 69. Bg5 Bc7 1/2-1/2

[Event "Ct. Catalunya juvenil"]
[Site "?"]
[Date "2011.04.22"]
[Round "4"]
[White "Vidal Zamora, C."]
[Black "Arno Bendicho, X."]
[Result "1-0"]
[WhiteElo "1691"]
[BlackElo "1630"]
[PlyCount "53"]
[EventDate "2011.??.??"]
[EventType "swiss"]
[EventRounds "8"]

1. e4 c5 2. Nf3 Nc6 3. d4 cxd4 4. Nxd4 g6 5. Be2 Bg7 6. Be3 Nf6 7. Nc3 d6 8.
O-O O-O 9. Kh1 a6 10. f4 Nxd4 11. Bxd4 b5 12. e5 dxe5 13. fxe5 Nd7 14. Bf3 Rb8
15. Ba7 Bxe5 16. Bxb8 Bxb8 17. Qe2 Qc7 18. g3 Ne5 19. Bg2 Ng4 20. Nd5 Qd6 21.
Nxe7+ Kg7 22. Nxc8 Rxc8 23. Qxg4 Rxc2 24. Qf3 f6 25. Rf2 Rc4 26. Rd1 Qc7 27.
Qxf6+ 1-0

[Event "Ct. Catalunya juvenil"]
[Site "?"]
[Date "2011.04.22"]
[Round "5"]
[White "Arno Bendicho, A."]
[Black "Cervello Tost, R."]
[Result "1-0"]
[WhiteElo "1908"]
[BlackElo "1661"]
[PlyCount "69"]
[EventDate "2011.??.??"]
[EventType "swiss"]
[EventRounds "8"]

1. d4 d5 2. Nf3 Nf6 3. Bg5 e6 4. e3 Nbd7 5. Bd3 Be7 6. O-O O-O 7. Nbd2 c5 8. c3
b6 9. Bxf6 Nxf6 10. Ne5 Bb7 11. f4 Ne4 12. Qe2 f5 13. Rf3 Bf6 14. Raf1 Nxd2 15.
Qxd2 Bxe5 16. fxe5 c4 17. Bb1 g6 18. Kh1 Kf7 19. g4 Ke7 20. gxf5 gxf5 21. Rg1
Rf7 22. Qf2 Kd7 23. Bxf5 exf5 24. Rxf5 Re7 25. Rf6 Kc7 26. Rf7 Rxf7 27. Qxf7+
Qd7 28. Qf6 Kb8 29. Rg7 Qc6 30. Qd8+ Bc8 31. e6 a6 32. e7 Qf6 33. Qxc8+ Kxc8
34. e8=Q+ Qd8 35. Qxd8+ 1-0

[Event "Ct. Catalunya juvenil"]
[Site "?"]
[Date "2011.04.22"]
[Round "5"]
[White "Arno Bendicho, X."]
[Black "Ventura Bolet, A."]
[Result "0-1"]
[WhiteElo "1630"]
[BlackElo "1740"]
[PlyCount "32"]
[EventDate "2011.??.??"]
[EventType "swiss"]
[EventRounds "8"]

1. c4 e5 2. Nc3 Nc6 3. g3 f5 4. Bg2 Nf6 5. d3 Bb4 6. Bd2 Bxc3 7. Bxc3 d6 8. e3
O-O 9. Ne2 Qe8 10. d4 e4 11. d5 Ne5 12. Nd4 Nd3+ 13. Ke2 Ng4 14. Qd2 Ngxf2 15.
Rhg1 Qh5+ 16. g4 Nxg4 0-1

[Event "Ct. Catalunya juvenil"]
[Site "?"]
[Date "2011.04.22"]
[Round "5"]
[White "Bardera Gil, S."]
[Black "Gotes Perez, J."]
[Result "0-1"]
[WhiteElo "2025"]
[BlackElo "1790"]
[PlyCount "82"]
[EventDate "2011.??.??"]
[EventType "swiss"]
[EventRounds "8"]

1. e4 e5 2. Bc4 Nc6 3. d3 Bc5 4. Nf3 Nf6 5. O-O d6 6. c3 Be6 7. Bb5 a6 8. Ba4
b5 9. Bc2 Bb6 10. Re1 h6 11. d4 Bg4 12. Be3 Bxf3 13. gxf3 Qb8 14. Kh1 Qa7 15.
f4 exd4 16. cxd4 Nxd4 17. Bd3 O-O 18. Nd2 Rae8 19. Rg1 Kh8 20. Qf1 Ne6 21. Qh3
Bxe3 22. fxe3 Nc5 23. Bc2 Qa8 24. Rxg7 Kxg7 25. Rg1+ Ng4 26. Qxg4+ Kf6 27. b4
Ke7 28. bxc5 dxc5 29. Nf3 f6 30. Qh5 Rf7 31. Qxc5+ Kd8 32. Nd4 Kc8 33. Nf5 Rd7
34. Nd4 Qb7 35. Rg2 Kb8 36. Re2 Rd6 37. Qh5 Red8 38. Qc5 Re8 39. Bd3 Red8 40.
Rc2 Re8 41. Rc3 Ka8 {Tiempo} 0-1

[Event "Ct. Catalunya juvenil"]
[Site "?"]
[Date "2011.04.22"]
[Round "5"]
[White "Bulto Gonzalvo, R."]
[Black "Rojano Alfonso, C."]
[Result "1/2-1/2"]
[WhiteElo "1873"]
[BlackElo "2011"]
[PlyCount "97"]
[EventDate "2011.??.??"]
[EventType "swiss"]
[EventRounds "8"]

1. e4 e5 2. Nf3 Nc6 3. d4 exd4 4. Bc4 Nf6 5. O-O Nxe4 6. Re1 d5 7. Bxd5 Qxd5 8.
Nc3 Qf5 9. Nxe4 Be6 10. Nxd4 Nxd4 11. Qxd4 Be7 12. b3 O-O 13. Bb2 Qg6 14. Re3
Bh4 15. Qe5 Rfe8 16. Qf4 Bd5 17. Qxh4 Rxe4 18. Rxe4 Bxe4 19. Qg3 Bxc2 20. Qxc7
h5 21. Rc1 Re8 22. Qg3 Re2 23. Qxg6 Bxg6 24. Bd4 Rxa2 25. Ra1 Rxa1+ 26. Bxa1 a5
27. Bc3 Bc2 28. Bxa5 Bxb3 29. Bb4 Bc4 30. h4 f5 31. g3 Kf7 32. Kg2 Bd5+ 33. Kf1
Bf3 34. Ke1 Ke6 35. Kd2 g6 36. Kc1 Kd5 37. Bd2 b5 38. Kb2 Kc4 39. Bg5 Bd5 40.
Bf4 Kd3 41. Bg5 Ke2 42. Be3 b4 43. Bc5 b3 44. Be3 Kf3 45. Bc5 f4 46. Bd6 g5 47.
hxg5 Kg4 48. g6 fxg3 49. fxg3 1/2-1/2

[Event "Ct. Catalunya juvenil"]
[Site "?"]
[Date "2011.04.22"]
[Round "5"]
[White "Campos Cayuelas, A."]
[Black "Solani Nuñez, J."]
[Result "0-1"]
[WhiteElo "1906"]
[BlackElo "1886"]
[PlyCount "56"]
[EventDate "2011.??.??"]
[EventType "swiss"]
[EventRounds "8"]

1. e4 c5 2. Nc3 Nc6 3. Bb5 d6 4. Bxc6+ bxc6 5. d3 g6 6. f4 Bg7 7. Nf3 e6 8. O-O
Ne7 9. Qe1 O-O 10. Bd2 d5 11. Qh4 c4 12. dxc4 Ba6 13. g4 Bxc4 14. Rf2 dxe4 15.
Nxe4 Nd5 16. Nfg5 h6 17. f5 exf5 18. gxf5 Nf6 19. Nxf6+ Qxf6 20. fxg6 Qxb2 21.
Raf1 Qd4 22. gxf7+ Bxf7 23. Qh3 hxg5 24. Bxg5 Bc4 25. Be3 Rxf2 26. Rxf2 Qa1+
27. Kg2 Bd5+ 28. Kg3 Qe5+ 0-1

[Event "Ct. Catalunya juvenil"]
[Site "?"]
[Date "2011.04.22"]
[Round "5"]
[White "Colon Garcia, E."]
[Black "Triadu Cassa, J."]
[Result "1-0"]
[WhiteElo "2288"]
[BlackElo "2042"]
[PlyCount "71"]
[EventDate "2011.??.??"]
[EventType "swiss"]
[EventRounds "8"]

1. Nf3 d5 2. c4 c6 3. e3 Nf6 4. Nc3 g6 5. d4 Bg7 6. h3 O-O 7. Bd3 a6 8. O-O
Nbd7 9. cxd5 cxd5 10. Qb3 e6 11. Bd2 Nb8 12. Rfc1 Nc6 13. Na4 Nd7 14. Nc5 Nxc5
15. Rxc5 Re8 16. Rac1 Bf8 17. R5c2 Bd6 18. e4 Bf8 19. e5 Bd7 20. h4 Rb8 21. Bg5
Be7 22. Bxe7 Qxe7 23. Bf1 Rec8 24. a3 b5 25. Qe3 Kg7 26. Qf4 Na5 27. Nh2 h5 28.
Rc7 Rb7 29. R7c3 Rxc3 30. Rxc3 Rb8 31. g4 Qxh4 32. Rh3 Qe7 33. gxh5 Rg8 34.
hxg6 Kf8 35. Qh6+ Ke8 36. g7 1-0

[Event "Ct. Catalunya juvenil"]
[Site "?"]
[Date "2011.04.22"]
[Round "5"]
[White "Corrales Adamuz, C."]
[Black "Vicente Bessen, K."]
[Result "1/2-1/2"]
[WhiteElo "1883"]
[BlackElo "1690"]
[PlyCount "72"]
[EventDate "2011.??.??"]
[EventType "swiss"]
[EventRounds "8"]

1. c4 e5 2. Nc3 Nf6 3. g3 Bb4 4. Bg2 d6 5. e3 Nc6 6. Nge2 Be6 7. Qa4 Bxc3 8.
Nxc3 Bd7 9. Qd1 O-O 10. O-O Qc8 11. Re1 Bh3 12. Bh1 Bg4 13. f3 Be6 14. b3 Nd7
15. Ba3 Nf6 16. Rc1 Qd7 17. Ne2 Rfe8 18. e4 Rad8 19. d3 h6 20. Bb2 a6 21. f4
Bg4 22. Qd2 Bxe2 23. Rxe2 Kh8 24. f5 Qe7 25. Bf3 Nh7 26. h4 Kg8 27. Rh2 Nd4 28.
Bxd4 exd4 29. g4 Qe5 30. Rg2 f6 31. b4 c5 32. bxc5 dxc5 33. Kf2 Re7 34. a4 Red7
35. Rb1 Kf8 36. Ke1 Rb8 1/2-1/2

[Event "Ct. Catalunya juvenil"]
[Site "?"]
[Date "2011.04.22"]
[Round "5"]
[White "Ezquerro Luque, A."]
[Black "Martin Perez, L."]
[Result "0-1"]
[WhiteElo "2055"]
[BlackElo "1856"]
[PlyCount "42"]
[EventDate "2011.??.??"]
[EventType "swiss"]
[EventRounds "8"]

1. e4 g6 2. Nc3 Bg7 3. Bc4 a6 4. f4 e6 5. Nf3 b5 6. Bb3 Bb7 7. d3 Ne7 8. O-O
O-O 9. Qe1 d5 10. f5 exf5 11. Qh4 fxe4 12. dxe4 c5 13. a4 c4 14. Ba2 dxe4 15.
Ng5 h6 16. Ngxe4 Nf5 17. Qxd8 Rxd8 18. Nc5 Bd4+ 19. Kh1 Bxc5 20. axb5 axb5 21.
Nxb5 Nh4 0-1

[Event "Ct. Catalunya juvenil"]
[Site "?"]
[Date "2011.04.22"]
[Round "5"]
[White "Frances Cuscullola, O."]
[Black "Muratet Carmona, J."]
[Result "1-0"]
[WhiteElo "2077"]
[BlackElo "1682"]
[PlyCount "97"]
[EventDate "2011.??.??"]
[EventType "swiss"]
[EventRounds "8"]

1. c3 e5 2. d4 exd4 3. cxd4 d5 4. Nc3 Nf6 5. Nf3 Nc6 6. Bf4 Bd6 7. Ne5 O-O 8.
e3 Re8 9. Nxc6 bxc6 10. Bg3 Bg4 11. Qc2 Qd7 12. Bd3 c5 13. Bxd6 c4 14. Bxc4
Qxd6 15. Bd3 c6 16. O-O Bh5 17. h3 Rab8 18. Na4 Ne4 19. Rfc1 Rbc8 20. Nc5 Bg6
21. Nxe4 Bxe4 22. Bxe4 Rxe4 23. Qc3 Qg6 24. Qa5 Re7 25. Qxd5 Rec7 26. Qc5 Qd3
27. Rc2 Qe4 28. Rac1 h6 29. Rc3 Rb7 30. R1c2 a6 31. Qa5 Rcb8 32. b3 Rb6 33. Qc5
Qe6 34. Qc4 Qf5 35. Qd3 Qe6 36. Rc5 Qd6 37. Qe4 Rc8 38. d5 Rbb8 39. Rxc6 Rxc6
40. dxc6 Rc8 41. Qc4 Rc7 42. a4 a5 43. g3 Qd8 44. Kh2 Qf6 45. Qc5 Qg6 46. Rc3
Qf6 47. Kg2 Qe6 48. Qxa5 Qe4+ 49. Kh2 1-0

[Event "Ct. Catalunya juvenil"]
[Site "?"]
[Date "2011.04.22"]
[Round "5"]
[White "Jover Font, P."]
[Black "Torres Morales, F."]
[Result "1/2-1/2"]
[WhiteElo "1712"]
[BlackElo "1746"]
[PlyCount "61"]
[EventDate "2011.??.??"]
[EventType "swiss"]
[EventRounds "8"]

1. e4 e6 2. d4 d5 3. Nd2 Nf6 4. e5 Nfd7 5. Bd3 c5 6. c3 Nc6 7. Ngf3 cxd4 8.
cxd4 Be7 9. O-O O-O 10. Re1 a5 11. a3 a4 12. Bc2 Nb6 13. Nf1 Bd7 14. Qd3 g6 15.
Ng3 Nc4 16. Nh5 b5 17. h4 b4 18. Ng5 Qb6 19. Qg3 Nxd4 20. Nxh7 Nxc2 21. Qf4 f5
22. N5f6+ Bxf6 23. exf6 Qd6 24. Qh6 Kf7 25. Bf4 Qc5 26. Qg7+ Ke8 27. Bc7 Nxe1
28. Qxg6+ Rf7 29. Qg8+ Rf8 30. Qg6+ Rf7 31. Qg8+ 1/2-1/2

[Event "Ct. Catalunya juvenil"]
[Site "?"]
[Date "2011.04.22"]
[Round "5"]
[White "Julian Ortin, EM."]
[Black "Ventura Bolet, M."]
[Result "1-0"]
[WhiteElo "1745"]
[BlackElo "1987"]
[PlyCount "112"]
[EventDate "2011.??.??"]
[EventType "swiss"]
[EventRounds "8"]

1. d4 Nf6 2. c4 e6 3. Nc3 Bb4 4. f3 d5 5. a3 Bxc3+ 6. bxc3 c5 7. cxd5 exd5 8.
e3 Qc7 9. Bd3 cxd4 10. cxd4 Qc3+ 11. Qd2 Qxa1 12. Ne2 Nbd7 13. O-O Nc5 14. Bb2
Qa2 15. dxc5 d4 16. Bb5+ Bd7 17. Bxd7+ Nxd7 18. Qxd4 Nf6 19. Qa4+ Nd7 20. Bxg7
Rg8 21. Rd1 O-O-O 22. c6 Qxe2 23. cxd7+ Kb8 24. Be5+ Ka8 25. Bg3 h5 26. e4 Rg6
27. Bf2 b6 28. Qd4 Kb7 29. Qd5+ Ka6 30. e5 h4 31. Rd2 Qb5 32. Bxh4 Qb1+ 33. Rd1
Qb2 34. Rd2 Qb1+ 35. Kf2 Rdg8 36. Bg3 Rd8 37. Qd3+ Qxd3 38. Rxd3 Rh6 39. Bf4
Rh5 40. g4 Rhh8 41. Kg3 Kb5 42. Bg5 Kc4 43. Rd1 Kb3 44. Bxd8 Rxd8 45. h4 a5 46.
Rb1+ Kxa3 47. Rxb6 Rxd7 48. h5 Rd8 49. Ra6 a4 50. h6 Kb3 51. g5 a3 52. e6 fxe6
53. g6 a2 54. h7 Kb2 55. g7 Rd6 56. Rxa2+ Kxa2 1-0

[Event "Ct. Catalunya juvenil"]
[Site "?"]
[Date "2011.04.22"]
[Round "5"]
[White "Montiel Baeza, A."]
[Black "Fernandez Diaz, C."]
[Result "0-1"]
[WhiteElo "1908"]
[BlackElo "2052"]
[PlyCount "42"]
[EventDate "2011.??.??"]
[EventType "swiss"]
[EventRounds "8"]

1. e4 g6 2. d4 Bg7 3. Nc3 c5 4. Nf3 cxd4 5. Nxd4 Nc6 6. Be3 Nf6 7. Be2 O-O 8.
Qd2 d5 9. Nxc6 bxc6 10. exd5 cxd5 11. O-O e5 12. Bh6 d4 13. Na4 Ne4 14. Qc1 Bd7
15. Bxg7 Kxg7 16. f3 Bxa4 17. fxe4 Rc8 18. Bd3 Bxc2 19. Bxc2 d3 20. Rf2 Qd4 21.
Kf1 dxc2 0-1

[Event "Ct. Catalunya juvenil"]
[Site "?"]
[Date "2011.04.22"]
[Round "5"]
[White "Moreno Martin, D."]
[Black "Coll Ortega, J."]
[Result "0-1"]
[WhiteElo "2171"]
[BlackElo "2283"]
[PlyCount "114"]
[EventDate "2011.??.??"]
[EventType "swiss"]
[EventRounds "8"]

1. e4 c6 2. d4 d5 3. Nc3 dxe4 4. Nxe4 Bf5 5. Ng3 Bg6 6. h4 h6 7. Nf3 Nd7 8. h5
Bh7 9. Bd3 Bxd3 10. Qxd3 e6 11. Bd2 Ngf6 12. O-O-O Be7 13. Rhe1 O-O 14. Qe2 c5
15. Nf5 exf5 16. Qxe7 Qxe7 17. Rxe7 Rfe8 18. Rxe8+ Rxe8 19. dxc5 Nxc5 20. Be3
Nce4 21. Bxa7 Ra8 22. Bd4 Nxh5 23. Kb1 Rd8 24. Re1 Nf4 25. c3 g5 26. g3 Ne6 27.
Be3 Kg7 28. Kc2 f6 29. Nd2 Kg6 30. a4 h5 31. a5 Nxd2 32. Bxd2 Rd6 33. b4 h4 34.
gxh4 gxh4 35. Rg1+ Kh5 36. Rg8 Ng5 37. b5 h3 38. b6 Kg4 39. a6 h2 40. f3+ Kxf3
41. a7 h1=Q 42. a8=Q Rxb6 43. Qa2 Ne4 44. Rd8 Nxd2 45. Rxd2 Qh4 46. Rd3+ Kg4
47. Rd4+ f4 48. Qd5 Qg5 49. Qd8 Re6 50. Rd5 Re5 51. Rd7 f3 52. Rd4+ Kg3 53. Qd6
f2 54. Rd3+ Kg2 55. Rd2 Qf5+ 56. Kb2 Rb5+ 57. Ka3 Qc5+ 0-1

[Event "Ct. Catalunya juvenil"]
[Site "?"]
[Date "2011.04.22"]
[Round "5"]
[White "Muñoz Muñoz, R."]
[Black "Sabria Batlle, P."]
[Result "0-1"]
[WhiteElo "1768"]
[BlackElo "2211"]
[PlyCount "54"]
[EventDate "2011.??.??"]
[EventType "swiss"]
[EventRounds "8"]

1. e4 c5 2. Nc3 e6 3. g3 Nc6 4. Bg2 Nf6 5. d3 Be7 6. f4 d5 7. e5 Nd7 8. Bd2 O-O
9. Qg4 Nd4 10. O-O-O b5 11. Nf3 Nxf3 12. Bxf3 b4 13. Ne2 Qa5 14. Kb1 Rb8 15. b3
Rb6 16. a4 Ra6 17. Kb2 c4 18. dxc4 dxc4 19. Be3 Nc5 20. Bxc5 Qxc5 21. Be4 f5
22. exf6 Bxf6+ 23. Kb1 Rd6 24. Rxd6 Qxd6 25. Qf3 Ba6 26. f5 Qe5 27. Kc1 cxb3
0-1

[Event "Ct. Catalunya juvenil"]
[Site "?"]
[Date "2011.04.22"]
[Round "5"]
[White "Palomo Teruel, X."]
[Black "Martinez Ramirez, E."]
[Result "0-1"]
[WhiteElo "2052"]
[BlackElo "2173"]
[PlyCount "82"]
[EventDate "2011.??.??"]
[EventType "swiss"]
[EventRounds "8"]

1. Nf3 Nf6 2. g3 g6 3. Bg2 Bg7 4. O-O O-O 5. d4 d5 6. c4 Nc6 7. cxd5 Nxd5 8.
Ne5 Nxe5 9. dxe5 c6 10. f4 Qb6+ 11. Kh1 Rd8 12. Qe1 a5 13. a3 Ne3 14. Bxe3 Qxe3
15. Qf2 Qxf2 16. Rxf2 f6 17. exf6 Bxf6 18. Nc3 Rd2 19. Rb1 Bf5 20. Be4 Bxc3 21.
Bxf5 gxf5 22. bxc3 b5 23. c4 Rb8 24. cxb5 cxb5 25. Kg2 Kf7 26. e3 Rxf2+ 27.
Kxf2 Ke6 28. Ke2 Kd5 29. Kd3 h5 30. Rb2 e6 31. Rb1 b4 32. axb4 axb4 33. Rb3 Rb6
34. Rb2 b3 35. Kc3 Ke4 36. Rxb3 Rxb3+ 37. Kxb3 Kf3 38. Kc4 Kg2 39. Kd4 Kxh2 40.
Ke5 Kxg3 41. Kxe6 Kg4 0-1

[Event "Ct. Catalunya juvenil"]
[Site "?"]
[Date "2011.04.22"]
[Round "5"]
[White "Pruja Ramirez de Cartagena, M."]
[Black "Boldu Soto, R."]
[Result "1-0"]
[WhiteElo "2248"]
[BlackElo "1961"]
[PlyCount "101"]
[EventDate "2011.??.??"]
[EventType "swiss"]
[EventRounds "8"]

1. e4 e6 2. d4 d5 3. Nd2 Nf6 4. e5 Nfd7 5. Bd3 b6 6. Qe2 c5 7. c3 Nc6 8. Ngf3
Be7 9. a3 a5 10. h4 Qc7 11. Nf1 c4 12. Bc2 f6 13. Bf4 fxe5 14. dxe5 Nf8 15. Bg5
Bc5 16. Bf4 Bb7 17. Ng3 O-O-O 18. O-O-O b5 19. Be3 Qb6 20. Bxc5 Qxc5 21. Qe3
Qxe3+ 22. fxe3 h6 23. e4 b4 24. exd5 exd5 25. axb4 axb4 26. Ba4 bxc3 27. bxc3
Ne7 28. Nd4 Nfg6 29. Ne6 Nxe5 30. Nxd8 Kxd8 31. Rhf1 Kc7 32. Nf5 Nxf5 33. Rxf5
Nd3+ 34. Kd2 Nc5 35. Bc2 Ra8 36. Rf7+ Kc6 37. Rb1 Ra2 38. Kd1 Bc8 39. Rxg7 Nd3
40. Bxd3 cxd3 41. g4 Rh2 42. Rb4 Rg2 43. Rd4 h5 44. Rg6+ Kc5 45. gxh5 Ra2 46.
Rg5 Ra1+ 47. Kd2 Ra2+ 48. Kxd3 Ba6+ 49. Ke3 Bc4 50. h6 Rc2 51. Rxc4+ 1-0

[Event "Ct. Catalunya juvenil"]
[Site "?"]
[Date "2011.04.22"]
[Round "5"]
[White "Rodriguez Adell, A."]
[Black "Vidal Zamora, A."]
[Result "1-0"]
[WhiteElo "2006"]
[BlackElo "2128"]
[PlyCount "33"]
[EventDate "2011.??.??"]
[EventType "swiss"]
[EventRounds "8"]

1. d4 Nf6 2. c4 g6 3. Nc3 Bg7 4. g3 O-O 5. Bg2 d6 6. Nf3 Nbd7 7. O-O c6 8. e4
e5 9. d5 cxd5 10. cxd5 a6 11. a4 Nc5 12. Ne1 Qb6 13. Ra3 Bd7 14. a5 Qb4 15. Nc2
Qc4 16. Re1 Qd3 17. b4 1-0

[Event "Ct. Catalunya juvenil"]
[Site "?"]
[Date "2011.04.22"]
[Round "5"]
[White "Sanchez Urpi, O."]
[Black "Fernandez Soriano, R."]
[Result "0-1"]
[WhiteElo "1962"]
[BlackElo "2080"]
[PlyCount "118"]
[EventDate "2011.??.??"]
[EventType "swiss"]
[EventRounds "8"]

1. e4 c6 2. d4 d5 3. Nc3 g6 4. Nf3 Bg7 5. Be2 Nf6 6. exd5 cxd5 7. O-O O-O 8.
Bf4 a6 9. Re1 b5 10. Bf1 Nc6 11. Ne5 Bb7 12. Ne2 Qb6 13. Nxc6 Bxc6 14. Be5 b4
15. Nf4 e6 16. Bd6 Rfc8 17. Bc5 Qb7 18. a3 bxa3 19. Bxa3 Bb5 20. c3 Nd7 21. Bb4
Bxf1 22. Kxf1 a5 23. Ba3 Qb5+ 24. Qd3 Rab8 25. Bd6 Rb6 26. Qxb5 Rxb5 27. Nd3
Nb6 28. Bc5 Nc4 29. b4 axb4 30. Bxb4 Bf8 31. Ra7 Bxb4 32. cxb4 Nd6 33. Rd7 Nf5
34. Ra1 Nxd4 35. Raa7 Nc6 36. Rab7 Rxb7 37. Rxb7 Rb8 38. Nc5 Kf8 39. Rxb8+ Nxb8
40. Ke2 Ke7 41. Kd3 Kd6 42. f4 f6 43. Nb7+ Kc6 44. Nd8+ Kd7 45. Nb7 e5 46. Nc5+
Kd6 47. fxe5+ fxe5 48. Nb7+ Kc6 49. Nd8+ Kb5 50. Ne6 Kxb4 51. Nf8 e4+ 52. Ke3
Kc3 53. Ne6 Nd7 54. h3 Ne5 55. Nf4 Nc4+ 56. Ke2 d4 57. Nd5+ Kc2 58. Nb4+ Kb3
59. Nd5 d3+ 0-1

[Event "Ct. Catalunya juvenil"]
[Site "?"]
[Date "2011.04.22"]
[Round "5"]
[White "Subirats Ruiz, S."]
[Black "Bals Hernandez, J."]
[Result "1-0"]
[WhiteElo "2206"]
[BlackElo "2061"]
[PlyCount "49"]
[EventDate "2011.??.??"]
[EventType "swiss"]
[EventRounds "8"]

1. e4 c5 2. Nf3 Nc6 3. d4 cxd4 4. Nxd4 g6 5. Nc3 Bg7 6. Nb3 d6 7. g4 Nf6 8. g5
Nd7 9. h4 O-O 10. h5 Nc5 11. hxg6 fxg6 12. Be3 Nxb3 13. axb3 e6 14. Bg2 Qe7 15.
f4 Rb8 16. Qg4 d5 17. exd5 e5 18. f5 Bxf5 19. Qc4 Nd4 20. d6+ Qf7 21. Nd5 Nxc2+
22. Kd2 Nxe3 23. Ne7+ Kh8 24. Rxh7+ Kxh7 25. Qh4+ 1-0

[Event "Ct. Catalunya juvenil"]
[Site "?"]
[Date "2011.04.22"]
[Round "5"]
[White "Terrones Launes, X."]
[Black "Vidal Zamora, C."]
[Result "1-0"]
[WhiteElo "1557"]
[BlackElo "1691"]
[PlyCount "63"]
[EventDate "2011.??.??"]
[EventType "swiss"]
[EventRounds "8"]

1. d4 d5 2. c4 e6 3. Nc3 Nf6 4. Bg5 Be7 5. e3 O-O 6. Nf3 b6 7. Bd3 Bb7 8. O-O
Nbd7 9. Rb1 c5 10. cxd5 Nxd5 11. Bxe7 Qxe7 12. Nxd5 exd5 13. b3 Nf6 14. Rc1 Ne4
15. Ne5 f6 16. Nf3 Rac8 17. Qe2 Qe6 18. Rfd1 Qd6 19. dxc5 bxc5 20. Bxe4 Qe6 21.
Bd3 Kh8 22. Bb1 c4 23. bxc4 dxc4 24. Nd4 Qe5 25. Qg4 g6 26. Qh3 Be4 27. Bxe4
Qxe4 28. Rc3 f5 29. Qf3 Qe5 30. Qe2 f4 31. exf4 Qxf4 32. Ne6 1-0

[Event "Ct. Catalunya juvenil"]
[Site "?"]
[Date "2011.04.22"]
[Round "5"]
[White "Vives Jaume, O."]
[Black "Cano Egea, JM."]
[Result "1-0"]
[WhiteElo "1867"]
[BlackElo "1440"]
[PlyCount "65"]
[EventDate "2011.??.??"]
[EventType "swiss"]
[EventRounds "8"]

1. d4 d5 2. c4 e6 3. Nc3 Nf6 4. Bg5 Be7 5. e3 h6 6. Bh4 O-O 7. Nf3 b6 8. cxd5
Nxd5 9. Bxe7 Nxe7 10. Rc1 Bb7 11. Bd3 Nd7 12. O-O c5 13. Bb1 Rc8 14. Nb5 cxd4
15. Nfxd4 Rxc1 16. Qxc1 a6 17. Nd6 Ba8 18. Rd1 Qb8 19. Ne4 Rc8 20. Qd2 Nd5 21.
f3 N7f6 22. Nf2 Rd8 23. Ne2 Rc8 24. e4 Ne7 25. Qd3 Bb7 26. e5 Qxe5 27. Qd8+ Ne8
28. Qxe7 Qxe2 29. Qxb7 Rd8 30. Rf1 Qxb2 31. Qe7 Rc8 32. Qd7 Qc3 33. Qd3 1-0

[Event "Ct. Catalunya juvenil"]
[Site "?"]
[Date "2011.04.23"]
[Round "6"]
[White "Arno Bendicho, A."]
[Black "Frances Cuscullola, O."]
[Result "1/2-1/2"]
[WhiteElo "1908"]
[BlackElo "2077"]
[PlyCount "119"]
[EventDate "2011.??.??"]
[EventType "swiss"]
[EventRounds "8"]

1. d4 Nf6 2. Nf3 g6 3. Bg5 Ne4 4. Bf4 d5 5. e3 Bg7 6. Nbd2 Nxd2 7. Qxd2 O-O 8.
Be2 Nd7 9. O-O Re8 10. Rfd1 c6 11. c4 Nf6 12. Qc1 Nh5 13. Bg3 Nxg3 14. hxg3 f6
15. cxd5 cxd5 16. Qc5 e6 17. Rac1 Bf8 18. Qc7 Qxc7 19. Rxc7 Bd6 20. Rc3 a6 21.
a3 Bd7 22. Rdc1 Rac8 23. Rxc8 Rxc8 24. Rxc8+ Bxc8 25. Bd1 Kf7 26. Kf1 Ke7 27.
Ke2 Bc7 28. Bc2 Kd6 29. Kd2 Bd8 30. Kc3 e5 31. Nd2 a5 32. a4 Bd7 33. Nf3 Be7
34. Kd2 Bg4 35. Nh2 Bd7 36. f4 exd4 37. exd4 Ke6 38. Ke3 Bb4 39. g4 b5 40. b3
Kf7 41. f5 gxf5 42. gxf5 Kg7 43. g4 Bd6 44. Nf3 bxa4 45. bxa4 h5 46. gxh5 Kh6
47. Bb3 Bc6 48. Ng1 Kxh5 49. Ne2 Kg4 50. Nc3 Bf4+ 51. Kd3 Kxf5 52. Nxd5 Bd6 53.
Ne3+ Kf4 54. d5 Bb7 55. Nc4 Bxd5 56. Nxa5 Be4+ 57. Ke2 Kg3 58. Nc4 Bf3+ 59. Kd3
Bc5 60. Nd2 1/2-1/2

[Event "Ct. Catalunya juvenil"]
[Site "?"]
[Date "2011.04.23"]
[Round "6"]
[White "Bals Hernandez, J."]
[Black "Julian Ortin, EM."]
[Result "1/2-1/2"]
[WhiteElo "2061"]
[BlackElo "1745"]
[PlyCount "64"]
[EventDate "2011.??.??"]
[EventType "swiss"]
[EventRounds "8"]

1. d4 Nf6 2. c4 e6 3. Nc3 Bb4 4. f3 d5 5. a3 Bxc3+ 6. bxc3 c5 7. cxd5 Nxd5 8.
dxc5 f5 9. c4 Qh4+ 10. g3 Qxc4 11. e4 Qc3+ 12. Bd2 Qe5 13. Bd3 fxe4 14. fxe4
Qd4 15. Bb5+ Nc6 16. exd5 O-O 17. Nf3 Rxf3 18. Qxf3 Qxa1+ 19. Kf2 Qd4+ 20. Be3
Qxd5 21. Rd1 Qf5 22. Bxc6 bxc6 23. Rd8+ Kf7 24. Bf4 Qxc5+ 25. Kg2 Qc2+ 26. Kg1
Qb1+ 27. Kg2 Qb2+ 28. Rd2 Qf6 29. Qxc6 Qe7 30. Bc7 Rb8 31. Rf2+ Kg8 32. Bd6 Bb7
1/2-1/2

[Event "Ct. Catalunya juvenil"]
[Site "?"]
[Date "2011.04.23"]
[Round "6"]
[White "Boldu Soto, R."]
[Black "Gotes Perez, J."]
[Result "1-0"]
[WhiteElo "1961"]
[BlackElo "1790"]
[PlyCount "115"]
[EventDate "2011.??.??"]
[EventType "swiss"]
[EventRounds "8"]

1. d4 d5 2. c4 e6 3. Nf3 Nf6 4. g3 c6 5. Bg2 Bd6 6. O-O O-O 7. b3 Nbd7 8. Bb2
Re8 9. Nbd2 Bc7 10. Qc2 Nf8 11. Ne5 N6d7 12. e4 Nxe5 13. dxe5 d4 14. f4 c5 15.
Kh1 Rb8 16. b4 b6 17. Nb3 Qe7 18. bxc5 bxc5 19. Ba3 Bb6 20. Nxd4 Bd7 21. Rad1
Rec8 22. Rd3 Qe8 23. Nb3 Ba4 24. Bb2 Bxb3 25. axb3 Rd8 26. Rfd1 Rxd3 27. Rxd3
Qc8 28. Qd1 Qa6 29. Qa1 Qc8 30. Qd1 Qa6 31. h4 Qa2 32. Qa1 Qxa1+ 33. Bxa1 Bc7
34. Bb2 Rb6 35. Kh2 Ra6 36. Bc1 Ra2 37. Kh3 Bb6 38. Bf3 h6 39. g4 Bc7 40. Be3
Bb6 41. Kg3 Kh8 42. Bd1 Kg8 43. f5 Kh7 44. Rd2 Rxd2 45. Bxd2 exf5 46. exf5 Bc7
47. Bf4 g5 48. fxg6+ Nxg6 49. Bc2 Kg7 50. Bxg6 fxg6 51. Kf3 Bd8 52. h5 Be7 53.
Ke4 gxh5 54. gxh5 Bf8 55. Kd5 Be7 56. Be3 a6 57. Bxc5 Bg5 58. Ke6 1-0